[Event "DVM U16w 2024"]
[Site "Neumünster GER"]
[Date "2024.12.28"]
[Round "4"]
[White "Czäczine, Paula"]
[Black "Sayouf, Rafif"]
[Result "1-0"]
[Termination "normal"]
[Board "2.1"]
[WhiteElo "1811"]
[BlackElo "1680"]
[WhiteClock "01:20:43"]
[BlackClock "01:08:46"]
[WhiteTeam "Chemnitzer SC Aufbau95"]
[BlackTeam "USG Chemnitz"]
[PlyCount "109"]
[WhiteFideId "16249305"]
[BlackFideId "34630333"]
[EventCountry "GER"]
[EventRounds "7"]
[EventType "team-swiss"]
[EventDate "2024.12.26"]

1. e4 {[%clk 01:30:56]} {[%emt 00:00:04]} e5 {[%clk 01:30:54]} {[%emt
00:00:05]} 2. Nf3 {[%clk 01:31:22]} {[%emt 00:00:04]} Nc6 {[%clk 01:31:19]}
{[%emt 00:00:06]} 3. d4 {[%clk 01:31:47]} {[%emt 00:00:05]} exd4 {[%clk
01:31:40]} {[%emt 00:00:08]} 4. Nxd4 {[%clk 01:32:11]} {[%emt 00:00:07]} Nf6
{[%clk 01:32:03]} {[%emt 00:00:06]} 5. Nxc6 {[%clk 01:32:34]} {[%emt 00:00:08]}
bxc6 {[%clk 01:32:29]} {[%emt 00:00:04]} 6. e5 {[%clk 01:32:58]} {[%emt
00:00:06]} Qe7 {[%clk 01:32:55]} {[%emt 00:00:04]} 7. Qe2 {[%clk 01:33:19]}
{[%emt 00:00:08]} Nd5 {[%clk 01:33:14]} {[%emt 00:00:10]} 8. c4 {[%clk
01:33:39]} {[%emt 00:00:12]} Ba6 {[%clk 01:33:40]} {[%emt 00:00:04]} 9. b3
{[%clk 01:34:02]} {[%emt 00:00:07]} g5 {[%clk 01:34:03]} {[%emt 00:00:06]} 10.
g3 {[%clk 01:29:49]} {[%emt 00:04:43]} Bg7 {[%clk 01:34:24]} {[%emt 00:00:08]}
11. Bb2 {[%clk 01:29:56]} {[%emt 00:00:25]} O-O-O {[%clk 01:34:42]} {[%emt
00:00:12]} 12. Qe4 {[%clk 01:25:33]} {[%emt 00:04:52]} Qb4+ {[%clk 01:18:03]}
{[%emt 00:17:09]} 13. Nd2 {[%clk 01:24:28]} {[%emt 00:01:36]} Bxe5 {[%clk
01:07:34]} {[%emt 00:10:59]} 14. Bxe5 {[%clk 01:22:10]} {[%emt 00:02:48]} Rhe8
{[%clk 01:06:08]} {[%emt 00:01:55]} 15. cxd5 {[%clk 01:20:00]} {[%emt
00:02:42]} Qxe4+ {[%clk 01:05:16]} {[%emt 00:01:21]} 16. Nxe4 {[%clk 01:20:24]}
{[%emt 00:00:06]} Bxf1 {[%clk 01:04:30]} {[%emt 00:01:16]} 17. Kxf1 {[%clk
01:20:24]} {[%emt 00:00:30]} Rxe5 {[%clk 01:04:51]} {[%emt 00:00:09]} 18. Nc3
{[%clk 01:18:23]} {[%emt 00:02:31]} Rde8 {[%clk 01:04:34]} {[%emt 00:00:46]}
19. dxc6 {[%clk 01:18:17]} {[%emt 00:00:37]} dxc6 {[%clk 01:04:57]} {[%emt
00:00:07]} 20. Kg2 {[%clk 01:17:38]} {[%emt 00:01:08]} Rc5 {[%clk 01:05:11]}
{[%emt 00:00:15]} 21. Rac1 {[%clk 01:17:33]} {[%emt 00:00:37]} f5 {[%clk
01:05:03]} {[%emt 00:00:38]} 22. Na4 {[%clk 01:17:23]} {[%emt 00:00:40]} Rxc1
{[%clk 01:05:05]} {[%emt 00:00:28]} 23. Rxc1 {[%clk 01:17:48]} {[%emt
00:00:05]} Re2 {[%clk 01:05:25]} {[%emt 00:00:09]} 24. Rxc6 {[%clk 01:17:23]}
{[%emt 00:00:56]} h5 {[%clk 01:05:08]} {[%emt 00:00:46]} 25. Rc5 {[%clk
01:17:00]} {[%emt 00:00:54]} h4 {[%clk 01:04:37]} {[%emt 00:01:00]} 26. Rxf5
{[%clk 01:17:11]} {[%emt 00:00:21]} hxg3 {[%clk 01:04:52]} {[%emt 00:00:14]}
27. hxg3 {[%clk 01:17:28]} {[%emt 00:00:14]} g4 {[%clk 01:05:07]} {[%emt
00:00:14]} 28. Rg5 {[%clk 01:17:39]} {[%emt 00:00:19]} Rxa2 {[%clk 01:05:31]}
{[%emt 00:00:06]} 29. Rxg4 {[%clk 01:17:58]} {[%emt 00:00:10]} Kd7 {[%clk
01:05:41]} {[%emt 00:00:20]} 30. Nc5+ {[%clk 01:17:44]} {[%emt 00:00:46]} Kd6
{[%clk 01:05:59]} {[%emt 00:00:11]} 31. Ra4 {[%clk 01:17:26]} {[%emt 00:00:47]}
Rb2 {[%clk 01:05:58]} {[%emt 00:00:30]} 32. Ne4+ {[%clk 01:16:58]} {[%emt
00:00:59]} Kd5 {[%clk 01:06:08]} {[%emt 00:00:20]} 33. Nc3+ {[%clk 01:17:18]}
{[%emt 00:00:11]} Kc6 {[%clk 01:06:29]} {[%emt 00:00:08]} 34. Rc4+ {[%clk
01:17:15]} {[%emt 00:00:34]} Kd6 {[%clk 01:06:14]} {[%emt 00:00:44]} 35. b4
{[%clk 01:17:14]} {[%emt 00:00:33]} a6 {[%clk 01:06:01]} {[%emt 00:00:42]} 36.
g4 {[%clk 01:17:16]} {[%emt 00:00:28]} Ke5 {[%clk 01:06:00]} {[%emt 00:00:30]}
37. Kg3 {[%clk 01:17:08]} {[%emt 00:00:38]} Rd2 {[%clk 01:05:13]} {[%emt
00:01:16]} 38. f4+ {[%clk 01:17:09]} {[%emt 00:00:31]} Ke6 {[%clk 01:05:33]}
{[%emt 00:00:09]} 39. Rxc7 {[%clk 01:16:40]} {[%emt 00:00:59]} Rd3+ {[%clk
01:05:51]} {[%emt 00:00:12]} 40. Kh4 {[%clk 01:16:57]} {[%emt 00:00:13]} Rd4
{[%clk 01:06:13]} {[%emt 00:00:07]} 41. Rc6+ {[%clk 01:17:01]} {[%emt
00:00:28]} Kf7 {[%clk 01:06:27]} {[%emt 00:00:15]} 42. Rxa6 {[%clk 01:17:22]}
{[%emt 00:00:11]} Rxb4 {[%clk 01:06:51]} {[%emt 00:00:06]} 43. f5 {[%clk
01:17:35]} {[%emt 00:00:16]} Rc4 {[%clk 01:06:28]} {[%emt 00:00:51]} 44. Nd5
{[%clk 01:17:54]} {[%emt 00:00:13]} Rd4 {[%clk 01:06:33]} {[%emt 00:00:24]} 45.
Ra7+ {[%clk 01:18:12]} {[%emt 00:00:13]} Kf8 {[%clk 01:06:45]} {[%emt
00:00:17]} 46. Ne3 {[%clk 01:18:27]} {[%emt 00:00:16]} Re4 {[%clk 01:06:51]}
{[%emt 00:00:23]} 47. Ng2 {[%clk 01:18:29]} {[%emt 00:00:28]} Re2 {[%clk
01:07:13]} {[%emt 00:00:09]} 48. Nf4 {[%clk 01:18:51]} {[%emt 00:00:08]} Rh2+
{[%clk 01:07:33]} {[%emt 00:00:09]} 49. Kg5 {[%clk 01:19:15]} {[%emt 00:00:07]}
Rd2 {[%clk 01:07:42]} {[%emt 00:00:21]} 50. Kf6 {[%clk 01:19:28]} {[%emt
00:00:16]} Rd6+ {[%clk 01:08:01]} {[%emt 00:00:11]} 51. Ne6+ {[%clk 01:19:49]}
{[%emt 00:00:10]} Kg8 {[%clk 01:07:55]} {[%emt 00:00:34]} 52. g5 {[%clk
01:20:06]} {[%emt 00:00:15]} Rb6 {[%clk 01:08:03]} {[%emt 00:00:21]} 53. Ra8+
{[%clk 01:20:17]} {[%emt 00:00:20]} Kh7 {[%clk 01:08:22]} {[%emt 00:00:10]} 54.
g6+ {[%clk 01:20:43]} {[%emt 00:00:04]} Kh6 {[%clk 01:08:46]} {[%emt 00:00:06]}
55. Rh8 {[%emt 00:00:06]} 1-0

[Event "DVM U16w 2024"]
[Site "Neumünster GER"]
[Date "2024.12.28"]
[Round "4"]
[White "Mehner, Clara"]
[Black "Czäczine, Laura"]
[Result "0-1"]
[Termination "normal"]
[Board "2.2"]
[WhiteElo "1572"]
[BlackElo "1787"]
[WhiteClock "00:07:40"]
[BlackClock "00:35:29"]
[WhiteTeam "USG Chemnitz"]
[BlackTeam "Chemnitzer SC Aufbau95"]
[PlyCount "82"]
[WhiteFideId "34612165"]
[BlackFideId "16211448"]
[EventCountry "GER"]
[EventRounds "7"]
[EventType "team-swiss"]
[EventDate "2024.12.26"]

1. e4 {[%clk 01:30:59]} {[%emt 00:00:01]} e5 {[%clk 01:30:56]} {[%emt
00:00:04]} 2. Nf3 {[%clk 01:31:22]} {[%emt 00:00:06]} Nc6 {[%clk 01:31:22]}
{[%emt 00:00:04]} 3. d4 {[%clk 01:31:45]} {[%emt 00:00:07]} exd4 {[%clk
01:31:47]} {[%emt 00:00:06]} 4. Bc4 {[%clk 01:32:03]} {[%emt 00:00:12]} Nf6
{[%clk 01:32:07]} {[%emt 00:00:10]} 5. O-O {[%clk 01:32:14]} {[%emt 00:00:18]}
Nxe4 {[%clk 01:32:30]} {[%emt 00:00:08]} 6. Re1 {[%clk 01:32:33]} {[%emt
00:00:10]} d5 {[%clk 01:32:56]} {[%emt 00:00:04]} 7. Bxd5 {[%clk 01:32:53]}
{[%emt 00:00:11]} Qxd5 {[%clk 01:33:21]} {[%emt 00:00:04]} 8. Nc3 {[%clk
01:33:15]} {[%emt 00:00:08]} Qh5 {[%clk 01:33:44]} {[%emt 00:00:07]} 9. Nxe4
{[%clk 01:33:09]} {[%emt 00:00:37]} Be6 {[%clk 01:33:31]} {[%emt 00:00:42]} 10.
Neg5 {[%clk 01:32:56]} {[%emt 00:00:43]} O-O-O {[%clk 01:30:19]} {[%emt
00:03:43]} 11. Nxe6 {[%clk 01:32:38]} {[%emt 00:00:48]} fxe6 {[%clk 01:30:43]}
{[%emt 00:00:06]} 12. Rxe6 {[%clk 01:32:06]} {[%emt 00:01:01]} Bd6 {[%clk
01:29:01]} {[%emt 00:02:11]} 13. Bd2 {[%clk 01:17:06]} {[%emt 00:15:31]} Rhf8
{[%clk 01:25:29]} {[%emt 00:04:02]} 14. h3 {[%clk 01:12:27]} {[%emt 00:05:09]}
Qf5 {[%clk 01:18:40]} {[%emt 00:07:18]} 15. Re1 {[%clk 01:10:17]} {[%emt
00:02:41]} h6 {[%clk 01:08:17]} {[%emt 00:10:53]} 16. Re2 {[%clk 00:56:45]}
{[%emt 00:14:02]} g5 {[%clk 01:04:18]} {[%emt 00:04:30]} 17. Qf1 {[%clk
00:52:46]} {[%emt 00:04:29]} g4 {[%clk 01:02:33]} {[%emt 00:02:15]} 18. Nh2
{[%clk 00:49:55]} {[%emt 00:03:20]} gxh3 {[%clk 01:00:30]} {[%emt 00:02:34]}
19. gxh3 {[%clk 00:42:30]} {[%emt 00:07:55]} Rg8+ {[%clk 00:58:57]} {[%emt
00:02:02]} 20. Kh1 {[%clk 00:42:36]} {[%emt 00:00:23]} d3 {[%clk 00:55:51]}
{[%emt 00:03:37]} 21. cxd3 {[%clk 00:41:35]} {[%emt 00:01:31]} Nd4 {[%clk
00:54:25]} {[%emt 00:01:56]} 22. Re3 {[%clk 00:35:27]} {[%emt 00:06:38]} Bf4
{[%clk 00:51:16]} {[%emt 00:03:38]} 23. Rae1 {[%clk 00:28:55]} {[%emt
00:07:03]} Qd5+ {[%clk 00:44:31]} {[%emt 00:07:15]} 24. f3 {[%clk 00:27:33]}
{[%emt 00:01:53]} Bxe3 {[%clk 00:43:34]} {[%emt 00:01:26]} 25. Bxe3 {[%clk
00:25:42]} {[%emt 00:02:21]} Nf5 {[%clk 00:43:00]} {[%emt 00:01:04]} 26. Bf2
{[%clk 00:25:08]} {[%emt 00:01:04]} Qxa2 {[%clk 00:42:34]} {[%emt 00:00:57]}
27. Ra1 {[%clk 00:24:25]} {[%emt 00:01:12]} Qxb2 {[%clk 00:41:52]} {[%emt
00:01:12]} 28. Rxa7 {[%clk 00:24:23]} {[%emt 00:00:32]} Kb8 {[%clk 00:40:53]}
{[%emt 00:01:29]} 29. Ra5 {[%clk 00:23:17]} {[%emt 00:01:36]} Ng3+ {[%clk
00:40:03]} {[%emt 00:01:20]} 30. Bxg3 {[%clk 00:23:33]} {[%emt 00:00:14]} Rxg3
{[%clk 00:40:27]} {[%emt 00:00:06]} 31. Ng4 {[%clk 00:17:04]} {[%emt 00:06:59]}
Re8 {[%clk 00:35:27]} {[%emt 00:05:29]} 32. Ra1 {[%clk 00:11:50]} {[%emt
00:05:46]} h5 {[%clk 00:33:01]} {[%emt 00:02:55]} 33. Qf2 {[%clk 00:07:45]}
{[%emt 00:04:35]} Qxa1+ {[%clk 00:33:21]} {[%emt 00:00:10]} 34. Kh2 {[%clk
00:08:06]} {[%emt 00:00:09]} hxg4 {[%clk 00:33:10]} {[%emt 00:00:41]} 35. Kxg3
{[%clk 00:08:09]} {[%emt 00:00:26]} Qe5+ {[%clk 00:33:14]} {[%emt 00:00:27]}
36. Kg2 {[%clk 00:07:42]} {[%emt 00:00:58]} gxh3+ {[%clk 00:33:29]} {[%emt
00:00:13]} 37. Kh1 {[%clk 00:06:14]} {[%emt 00:01:59]} Qe1+ {[%clk 00:33:49]}
{[%emt 00:00:10]} 38. Qxe1 {[%clk 00:06:39]} {[%emt 00:00:06]} Rxe1+ {[%clk
00:34:16]} {[%emt 00:00:03]} 39. Kh2 {[%clk 00:07:00]} {[%emt 00:00:08]} Re3
{[%clk 00:34:38]} {[%emt 00:00:07]} 40. Kxh3 {[%clk 00:07:23]} {[%emt
00:00:08]} Rxf3+ {[%clk 00:35:04]} {[%emt 00:00:05]} 41. Kg4 {[%clk 00:07:40]}
{[%emt 00:00:12]} Rxd3 {[%clk 00:35:29]} {[%emt 00:00:05]} 0-1

[Event "DVM U16w 2024"]
[Site "Neumünster GER"]
[Date "2024.12.28"]
[Round "4"]
[White "Ottlik, Marie"]
[Black "Mo, Keyou"]
[Result "1-0"]
[Termination "normal"]
[Board "2.3"]
[WhiteElo "1639"]
[BlackElo "1552"]
[WhiteClock "00:32:11"]
[BlackClock "00:40:24"]
[WhiteTeam "Chemnitzer SC Aufbau95"]
[BlackTeam "USG Chemnitz"]
[PlyCount "57"]
[WhiteFideId "16281730"]
[BlackFideId "34623582"]
[EventCountry "GER"]
[EventRounds "7"]
[EventType "team-swiss"]
[EventDate "2024.12.26"]

1. e4 {[%clk 01:30:56]} {[%emt 00:00:03]} e5 {[%clk 01:30:56]} {[%emt
00:00:05]} 2. Nf3 {[%clk 01:31:20]} {[%emt 00:00:07]} Nc6 {[%clk 01:31:22]}
{[%emt 00:00:04]} 3. Bc4 {[%clk 01:31:44]} {[%emt 00:00:05]} Bc5 {[%clk
01:31:48]} {[%emt 00:00:04]} 4. c3 {[%clk 01:31:51]} {[%emt 00:00:23]} Nf6
{[%clk 01:32:13]} {[%emt 00:00:05]} 5. d3 {[%clk 01:32:14]} {[%emt 00:00:06]}
d6 {[%clk 01:32:39]} {[%emt 00:00:04]} 6. a4 {[%clk 01:32:37]} {[%emt
00:00:07]} a5 {[%clk 01:33:05]} {[%emt 00:00:04]} 7. Nbd2 {[%clk 01:32:05]}
{[%emt 00:01:03]} Bb6 {[%clk 01:31:54]} {[%emt 00:01:41]} 8. O-O {[%clk
01:31:16]} {[%emt 00:01:19]} Be6 {[%clk 01:31:08]} {[%emt 00:01:14]} 9. Re1
{[%clk 01:29:49]} {[%emt 00:01:59]} Ng4 {[%clk 01:30:35]} {[%emt 00:01:02]} 10.
Re2 {[%clk 01:28:32]} {[%emt 00:01:46]} O-O {[%clk 01:28:05]} {[%emt 00:03:02]}
11. h3 {[%clk 01:24:52]} {[%emt 00:04:10]} Nf6 {[%clk 01:26:57]} {[%emt
00:01:36]} 12. Bb3 {[%clk 01:18:55]} {[%emt 00:06:29]} Re8 {[%clk 01:23:13]}
{[%emt 00:04:13]} 13. Nf1 {[%clk 01:17:20]} {[%emt 00:02:05]} d5 {[%clk
01:18:09]} {[%emt 00:05:34]} 14. exd5 {[%clk 01:13:21]} {[%emt 00:04:30]} Bxd5
{[%clk 01:17:01]} {[%emt 00:01:37]} 15. Bxd5 {[%clk 01:12:48]} {[%emt
00:01:04]} Qxd5 {[%clk 01:15:32]} {[%emt 00:01:59]} 16. Be3 {[%clk 01:08:58]}
{[%emt 00:04:20]} Bxe3 {[%clk 01:13:36]} {[%emt 00:02:26]} 17. Nxe3 {[%clk
01:00:58]} {[%emt 00:08:30]} Qd7 {[%clk 01:10:16]} {[%emt 00:03:46]} 18. Qc2
{[%clk 00:56:11]} {[%emt 00:05:17]} e4 {[%clk 01:06:37]} {[%emt 00:04:12]} 19.
dxe4 {[%clk 00:54:25]} {[%emt 00:02:17]} Nxe4 {[%clk 01:00:26]} {[%emt
00:06:41]} 20. Ng4 {[%clk 00:51:30]} {[%emt 00:03:24]} Nd6 {[%clk 00:57:32]}
{[%emt 00:03:23]} 21. Rae1 {[%clk 00:45:58]} {[%emt 00:06:03]} Rxe2 {[%clk
00:57:19]} {[%emt 00:00:43]} 22. Rxe2 {[%clk 00:44:56]} {[%emt 00:01:31]} f5
{[%clk 00:55:40]} {[%emt 00:02:10]} 23. Nge5 {[%clk 00:43:53]} {[%emt
00:01:33]} Nxe5 {[%clk 00:56:03]} {[%emt 00:00:08]} 24. Nxe5 {[%clk 00:43:44]}
{[%emt 00:00:39]} Qd8 {[%clk 00:52:54]} {[%emt 00:03:35]} 25. Qb3+ {[%clk
00:40:56]} {[%emt 00:03:21]} Kh8 {[%clk 00:50:36]} {[%emt 00:02:48]} 26. Qe6
{[%clk 00:31:39]} {[%emt 00:09:46]} Qg5 {[%clk 00:41:33]} {[%emt 00:09:30]} 27.
Nf7+ {[%clk 00:31:22]} {[%emt 00:00:51]} Nxf7 {[%clk 00:40:08]} {[%emt
00:01:56]} 28. Qe8+ {[%clk 00:31:44]} {[%emt 00:00:08]} Rxe8 {[%clk 00:40:24]}
{[%emt 00:00:06]} 29. Rxe8# {[%clk 00:32:11]} {[%emt 00:00:10]} 1-0

[Event "DVM U16w 2024"]
[Site "Neumünster GER"]
[Date "2024.12.28"]
[Round "4"]
[White "Weidner, Marit"]
[Black "Ziegler, Annabel"]
[Result "1-0"]
[Termination "normal"]
[Board "2.4"]
[WhiteElo "1553"]
[BlackElo "1346"]
[WhiteClock "01:06:05"]
[BlackClock "00:23:19"]
[WhiteTeam "USG Chemnitz"]
[BlackTeam "Chemnitzer SC Aufbau95"]
[PlyCount "98"]
[WhiteFideId "34651853"]
[BlackFideId "16281683"]
[EventCountry "GER"]
[EventRounds "7"]
[EventType "team-swiss"]
[EventDate "2024.12.26"]

1. e4 {[%clk 01:30:57]} {[%emt 00:00:02]} e5 {[%clk 01:30:57]} {[%emt
00:00:04]} 2. Nf3 {[%clk 01:31:22]} {[%emt 00:00:04]} Nc6 {[%clk 01:31:23]}
{[%emt 00:00:04]} 3. Bc4 {[%clk 01:31:40]} {[%emt 00:00:12]} Nf6 {[%clk
01:31:21]} {[%emt 00:00:32]} 4. d3 {[%clk 01:30:06]} {[%emt 00:02:05]} Bc5
{[%clk 01:30:17]} {[%emt 00:01:33]} 5. Bg5 {[%clk 01:30:19]} h6 {[%clk
01:29:06]} {[%emt 00:01:59]} 6. Bh4 {[%clk 01:30:43]} d6 {[%clk 01:22:00]}
{[%emt 00:07:41]} 7. h3 {[%clk 01:31:02]} Bd7 {[%clk 01:16:52]} {[%emt
00:05:50]} 8. Nc3 {[%clk 01:30:16]} g5 {[%clk 01:12:50]} {[%emt 00:05:47]} 9.
Bg3 {[%clk 01:21:57]} {[%emt 00:08:49]} Qe7 {[%clk 01:12:24]} {[%emt 00:00:57]}
10. Na4 {[%clk 01:19:04]} {[%emt 00:03:23]} O-O-O {[%clk 01:07:03]} {[%emt
00:05:51]} 11. Nxc5 {[%clk 01:18:57]} {[%emt 00:00:37]} dxc5 {[%clk 01:07:25]}
{[%emt 00:00:08]} 12. Bb5 {[%clk 01:15:18]} {[%emt 00:04:08]} g4 {[%clk
00:57:31]} {[%emt 00:10:24]} 13. Bxc6 {[%clk 01:13:33]} {[%emt 00:02:15]} gxf3
{[%clk 00:57:16]} {[%emt 00:00:46]} 14. Bxd7+ {[%clk 01:13:55]} {[%emt
00:00:08]} Rxd7 {[%clk 00:57:35]} {[%emt 00:00:11]} 15. Qxf3 {[%clk 01:14:14]}
{[%emt 00:00:10]} Rg8 {[%clk 00:56:11]} {[%emt 00:01:54]} 16. Qe3 {[%clk
01:09:53]} {[%emt 00:04:50]} Rg6 {[%clk 00:49:36]} {[%emt 00:07:06]} 17. Rg1
{[%clk 01:07:18]} {[%emt 00:03:05]} Rd8 {[%clk 00:48:08]} {[%emt 00:01:59]} 18.
Bh4 {[%clk 01:01:01]} Qd6 {[%clk 00:46:33]} {[%emt 00:08:52]} 19. O-O-O {[%clk
01:00:13]} Rdg8 {[%clk 00:45:32]} {[%emt 00:02:48]} 20. g4 {[%clk 00:54:05]}
Nh5 {[%clk 00:44:58]} {[%emt 00:07:42]} 21. Bg3 {[%clk 00:48:27]} {[%emt
00:06:08]} Nf4 {[%clk 00:41:53]} {[%emt 00:03:35]} 22. Bxf4 {[%clk 00:47:04]}
exf4 {[%clk 00:42:13]} {[%emt 00:02:03]} 23. Qe2 {[%clk 00:47:06]} Qe6 {[%clk
00:41:24]} {[%emt 00:01:47]} 24. Kb1 {[%clk 00:46:41]} h5 {[%clk 00:40:49]}
{[%emt 00:02:01]} 25. f3 {[%clk 00:46:35]} {[%emt 00:00:36]} Qf6 {[%clk
00:35:48]} {[%emt 00:05:31]} 26. Qf2 {[%clk 00:45:56]} {[%emt 00:01:09]} hxg4
{[%clk 00:30:20]} {[%emt 00:05:58]} 27. hxg4 {[%clk 00:42:31]} {[%emt
00:03:55]} Qd4 {[%clk 00:26:22]} {[%emt 00:04:27]} 28. Qxd4 {[%clk 00:40:32]}
{[%emt 00:02:29]} cxd4 {[%clk 00:26:47]} {[%emt 00:00:06]} 29. Rh1 {[%clk
00:40:52]} {[%emt 00:00:09]} Rg5 {[%clk 00:23:58]} {[%emt 00:03:19]} 30. Rh6
{[%clk 00:39:09]} {[%emt 00:02:13]} R5g6 {[%clk 00:20:59]} {[%emt 00:03:29]}
31. Rh5 {[%clk 00:38:57]} {[%emt 00:00:42]} Rg5 {[%clk 00:20:54]} {[%emt
00:00:35]} 32. Rdh1 {[%clk 00:39:09]} {[%emt 00:00:18]} f6 {[%clk 00:20:17]}
{[%emt 00:01:08]} 33. Rh8 {[%clk 00:37:03]} {[%emt 00:02:36]} b6 {[%clk
00:14:41]} {[%emt 00:06:06]} 34. Rxg8+ {[%clk 00:34:41]} {[%emt 00:02:51]} Rxg8
{[%clk 00:15:03]} {[%emt 00:00:09]} 35. Rh5 {[%clk 00:34:51]} {[%emt 00:00:19]}
Rg5 {[%clk 00:12:04]} {[%emt 00:03:28]} 36. Rh6 {[%clk 00:34:21]} {[%emt
00:01:01]} f5 {[%clk 00:11:17]} {[%emt 00:01:18]} 37. exf5 {[%clk 00:34:36]}
{[%emt 00:00:15]} Rg8 {[%clk 00:10:45]} {[%emt 00:01:01]} 38. b3 {[%clk
00:34:29]} {[%emt 00:00:37]} Kd8 {[%clk 00:10:13]} {[%emt 00:01:02]} 39. Re6
{[%clk 00:34:34]} {[%emt 00:00:24]} Re8 {[%clk 00:03:48]} {[%emt 00:06:56]} 40.
Rxe8+ {[%clk 00:34:12]} {[%emt 00:00:52]} Kxe8 {[%clk 00:04:13]} {[%emt
00:00:05]} 41. Kb2 {[%clk 00:34:23]} {[%emt 00:00:19]} c5 {[%clk 00:04:03]}
{[%emt 00:00:41]} 42. c3 {[%clk 00:34:26]} {[%emt 00:00:27]} Ke7 {[%clk
00:02:20]} {[%emt 00:02:12]} 43. g5 {[%clk 00:34:44]} {[%emt 00:00:12]} Kf7
{[%clk 00:01:22]} {[%emt 00:01:28]} 44. g6+ {[%clk 00:34:49]} {[%emt 00:00:25]}
Kf6 {[%clk 00:27:03]} {[%emt 00:04:48]} 45. cxd4 {[%clk 01:05:03]} {[%emt
00:00:17]} cxd4 {[%clk 00:27:05]} {[%emt 00:00:28]} 46. b4 {[%clk 01:05:28]}
{[%emt 00:00:05]} b5 {[%clk 00:27:06]} {[%emt 00:00:29]} 47. Kc2 {[%clk
01:05:31]} {[%emt 00:00:27]} Kg7 {[%clk 00:25:57]} {[%emt 00:01:38]} 48. Kd2
{[%clk 01:05:56]} {[%emt 00:00:06]} Kf6 {[%clk 00:23:19]} {[%emt 00:03:08]} 49.
Ke2 {[%clk 01:06:05]} {[%emt 00:00:21]} Kg7 {[%emt 00:00:05]} 1-0